000 00568nam a2200157 a 4500
008 120416s1958 ||||||||||||||||| || u
050 _aQA 408 Bow
100 _aBowman, Frank
245 1 0 _aIntroduction to Bessel functions
260 _aNew York
_bDover Publications
_c1958
300 _ax, 135 (16)p.:ill.
350 _a0.00
650 0 _aMATHEMATICS--HANDBOOKS, MANUALS, ETC
650 _aBESSEL FUNCTIONS
995 _D0.00
_FCBU-MAIN LIBRARY (Kitwe)
_H1
_I1.50
_M1
_UAVAILABLE
_ZMain Library Open Access Collection
999 _c47621
_d47621